Discurso del Sr. D. Francisco de Paula Canalejas... en la Real Academia Española en la sesión... inaugural de 1871. (Record no. 39523)

MARC details
000 -LEADER
campo de control de longitud fija 00983nam a2200253 i 4500
001 - NÚMERO DE CONTROL
campo de control 39523
003 - IDENTIFICADOR DE NÚMERO DE CONTROL
campo de control ES-MaACL
005 - FECHA Y HORA DE LA ÚLTIMA TRANSACCIÓN
campo de control 20250627024833.0
007 - CAMPO FIJO DE DESCRIPCIÓN FÍSICA--INFORMACIÓN GENERAL
campo de control de longitud fija t|
008 - DATOS DE LONGITUD FIJA--INFORMACIÓN GENERAL
campo de control de longitud fija 030303s1871 sp ||||1| spa d
080 ## - NÚMERO DE LA CLASIFICACIÓN DECIMAL UNIVERSAL
Número de la Clasificación Decimal Universal 821.134.2 Calderón de la Barca, Pedro 2.06
100 1# - ENTRADA PRINCIPAL--NOMBRE DE PERSONA
Nombre de persona Canalejas, Francisco de Paula,
Fechas asociadas al nombre 1834-1883
9 (RLIN) 34381
Término indicativo de función/relación Autor
245 10 - MENCIÓN DEL TÍTULO
Título Discurso del Sr. D. Francisco de Paula Canalejas... en la Real Academia Española en la sesión... inaugural de 1871.
260 ## - PUBLICACIÓN, DISTRIBUCIÓN, ETC.
Lugar de publicación, distribución, etc. Madrid :
Nombre del editor, distribuidor, etc. [s.n.],
Fecha de publicación, distribución, etc. 1871
Fabricante (M. Rivadeneyra)
300 ## - DESCRIPCIÓN FÍSICA
Extensión 52 páginas ;
Dimensiones 27 cm.
594 ## - Nota al título y mención de responsabilidad
Nota al título y mención de responsabilidad Tema: Los autos sacramentales de D. Pedro Calderón de la Barca.
600 14 - PUNTO DE ACCESO ADICIONAL DE MATERIA--NOMBRE DE PERSONA
Nombre de persona Calderón de la Barca, Pedro-
Subdivisión general Crítica e interpretación
9 (RLIN) 33614
710 2# - ENTRADA AGREGADA--NOMBRE DE ENTIDAD CORPORATIVA
Nombre de entidad corporativa o nombre de jurisdicción como elemento de entrada Real Academia Española
9 (RLIN) 6336
Término indicativo de función/relación Sede
852 4# - LOCALIZACIÓN
Ubicación ES-MaACL
Número de control de estantería L-4914 (22-9)
Ubicación en estantería Depósito 2
Donativo/Legado Donativo Roda
852 4# - LOCALIZACIÓN
Ubicación ES-MaACL
Número de control de estantería T-118-F-10
Ubicación en estantería Depósito folletos
852 4# - LOCALIZACIÓN
Ubicación ES-MaACL
Número de control de estantería K-142 (7)
942 ## - ELEMENTOS DE ENTRADA SECUNDARIOS (KOHA)
Fuente del sistema de clasificación o colocación Clasificación decimal universal
Tipo de ítem Koha Libro impreso antiguo
Suprimir en OPAC No
Holdings
Estatus retirado Estado de pérdida Estado de daño No para préstamo Colección Biblioteca de origen Biblioteca actual Ubicación en estantería Fecha de adquisición Fuente de adquisición Total de préstamos Signatura topográfica completa Código de barras Visto por última vez Precio de reemplazo Tipo de ítem Koha
        Libros del s. XIX Biblioteca del Ateneo de Madrid Biblioteca del Ateneo de Madrid Administración 10/01/2018     K-142(7) 1198237 23/02/2023 23/02/2023 Libro impreso antiguo
        Libros del s. XIX Biblioteca del Ateneo de Madrid Biblioteca del Ateneo de Madrid Depósito 2 17/01/2008     L-4914 (22-9) 1041622 23/02/2023 23/02/2023 Libro impreso antiguo
        Colección de folletos Biblioteca del Ateneo de Madrid Biblioteca del Ateneo de Madrid Depósito folletos 17/01/2008     T-118-F-10 1041623 23/02/2023 23/02/2023 Folleto